000 01019nam a22003017a 4500
003 CHAP
005 20220329133320.0
008 971013s1979 r 00010 d
010 _a4803
011 _a5775
035 _a4991
040 _cCHAP
082 _a338.1
_bF6
110 _aFondo de Garantía y Fomento para la Agricultura, Ganadería y Avicultura. México
_942107
245 _aInstructivo y catálogo de claves para el llenado del resúmen de la evaluación técnica agroindustrial
260 _aMéxico, D. F. :
_bEl Fondo,
_c1979
300 _a7 p.
500 _a54-186
590 _aBATCH-UPD
_b10
_c20130110
_lUCH01
_h1845
590 _aBATCH-UPD
_b10
_c20130410
_lUCH01
_h1215
590 _aBATCH-UPD
_b10
_c20130914
_lUCH01
_h1100
590 _aCONVERSION
_b10
_c20130109
_lUCH01
_h1304
650 1 4 _aCrédito agrícola
_zMéxico.
_929089
650 1 4 _aIndustrias agrícolas
_xMéxico.
_957957
901 _aBK
942 _cLIBRO
949 _a338.1 F6
_bBC
_cLIBRO
_d33724000343109
_eLIBRO
_h80692
_i4991
_si
999 _c4803
_d4803